00529nam a2200193 a 4500001001300000003000900013005001700022008004100039020001000080082002100090100003100111245002300142260004800165300000900213500003500222505001100257650003600268700003100304nice12345678IN_TiNIC20260116011644.0050524s1970 vana grp 000 0 eng  ac10000a305.6297054bANJ aAnjuman-E-Khairkha-E-Aam,  aAaina-E-Aniyambadi aVaniyambadibAnjuman-E-Khairkha-E-Aamc1970 a270p aincludes index and biblioraphy2 aThesis aMuslims-India-south-vaniyambadi1 aAnjuman-E-Khairkha-E-Aam,